[Event "CYCC U14"]
[Site "Quebec CAN"]
[Date "2008.07.16"]
[Round "6"]
[White "Prysiazny, Michael"]
[Black "Nadeau, Emmanuel"]
[Result "1/2-1/2"]
[WhiteElo "1719"]
[BlackElo "1757"]
[PlyCount "93"]
[GameId "2160767910354206"]
[EventDate "2008.07.14"]
[EventType "swiss"]
[EventRounds "7"]
[EventCountry "CAN"]
[SourceTitle "EXT 2011"]
[Source "ChessBase"]
[SourceDate "2011.11.26"]
[SourceVersion "1"]
[SourceVersionDate "2011.11.26"]
[SourceQuality "1"]

1. e4 c5 2. Nf3 e6 3. d4 cxd4 4. Nxd4 a6 5. Nc3 b5 6. g3 d6 7. Bg2 Bb7 8. O-O Be7 9. Re1 Qc7 10. Qd3 Nf6 11. Bg5 O-O 12. a4 b4 13. Na2 a5 14. Nb5 Qd7 15. Rad1 d5 16. e5 Ne8 17. Bxe7 Qxe7 18. Qe3 Nd7 19. Nc1 Qc5 20. Qd3 Ba6 21. Nb3 Qb6 22. Bxd5 Bxb5 23. axb5 exd5 24. Qxd5 Ra7 25. e6 Ndf6 26. exf7+ Raxf7 27. Qc6 Qxc6 28. bxc6 Ra7 29. Nc5 Rff7 30. Rd8 Rfc7 31. Nd7 Kf7 32. Nxf6 Nxf6 33. Rd6 Ra6 34. Re5 a4 35. Rb5 Raxc6 36. Rxc6 Rxc6 37. Rxb4 Rxc2 38. Rxa4 Rxb2 39. Ra7+ Kg6 40. Ra6 h6 41. Ra4 h5 42. h3 Rb5 43. Kg2 Kg5 44. Rc4 Kf5 45. Rf4+ Ke5 46. Rh4 Rb2 47. Kf3 1/2-1/2

[Event "CYCC U14"]
[Site "Quebec CAN"]
[Date "2008.07.16"]
[Round "6"]
[White "Sapozhnikov, Roman"]
[Black "Li, Ruokai (David)"]
[Result "1-0"]
[WhiteElo "2180"]
[BlackElo "1767"]
[PlyCount "62"]
[GameId "2160767910354207"]
[EventDate "2008.07.14"]
[EventType "swiss"]
[EventRounds "7"]
[EventCountry "CAN"]

1. e4 e6 2. d4 d5 3. e5 c5 4. c3 Nc6 5. Nf3 Qb6 6. a3 c4 7. Nbd2 Bd7 8. g3 Be7 9. h4 f6 10. Bh3 Nh6 11. exf6 gxf6 12. Nxc4 dxc4 13. Bxh6 Qxb2 14. Bd2 Na5 15. Rb1 Qa2 16. O-O Nb3 17. Bf4 Qxa3 18. Qe2 Qa6 19. d5 e5 20. Bxd7+ Kxd7 21. Be3 Rac8 22. Nd2 Nxd2 23. Qxd2 Bc5 24. Ra1 Qd6 25. Rfb1 Rc7 26. Rb5 a6 27. Bxc5 Rxc5 28. Rxb7+ Kc8 29. Rab1 Rxd5 30. Qe2 Rc5 31. Qg4+ Kd8 1-0

[Event "CYCC U14"]
[Site "Quebec CAN"]
[Date "2008.07.16"]
[Round "6"]
[White "Wang, Jerry ZS"]
[Black "Seguin, Ryan"]
[Result "1-0"]
[WhiteElo "1874"]
[BlackElo "1386"]
[PlyCount "93"]
[GameId "2160767910354208"]
[EventDate "2008.07.14"]
[EventType "swiss"]
[EventRounds "7"]
[EventCountry "CAN"]
[SourceTitle "EXT 2011"]
[Source "ChessBase"]
[SourceDate "2011.11.26"]
[SourceVersion "1"]
[SourceVersionDate "2011.11.26"]
[SourceQuality "1"]

1. e4 e5 2. Nf3 Nc6 3. Bb5 a6 4. Ba4 Nf6 5. O-O b5 6. Bb3 Be7 7. Re1 O-O 8. d4 d6 9. dxe5 Nxe5 10. Nxe5 dxe5 11. Qe2 Bc5 12. h3 Bd7 13. Bg5 h6 14. Bh4 Re8 15. Rd1 g5 16. Bg3 Qe7 17. Nc3 c6 18. Rd3 Be6 19. Bxe5 Bxb3 20. Bxf6 Qxf6 21. cxb3 Rad8 22. Rf3 Qe6 23. Re1 Rd7 24. e5 Bd4 25. Rf6 Qxf6 26. exf6 Rxe2 27. Rxe2 Kf8 28. Rd2 Bxf2+ 29. Rxf2 Rd6 30. Kh2 Rd4 31. Re2 Rd7 32. Re7 Rxe7 33. fxe7+ Kxe7 34. Kg3 Ke6 35. Kg4 Kf6 36. Ne4+ Kg6 37. Nc5 h5+ 38. Kf3 a5 39. Nb7 a4 40. bxa4 bxa4 41. a3 f5 42. Nc5 g4+ 43. hxg4 hxg4+ 44. Kf4 Kf6 45. Nxa4 Ke6 46. Nc5+ Kf6 47. a4 1-0

[Event "CYCC U14"]
[Site "Quebec CAN"]
[Date "2008.07.16"]
[Round "6"]
[White "Wang, Jesse BJ"]
[Black "Marinkovic, Mate"]
[Result "0-1"]
[WhiteElo "1960"]
[BlackElo "1972"]
[PlyCount "76"]
[GameId "2160767910354209"]
[EventDate "2008.07.14"]
[EventType "swiss"]
[EventRounds "7"]
[EventCountry "CAN"]

1. e4 c5 2. Nf3 d6 3. d4 cxd4 4. Nxd4 Nf6 5. Nc3 g6 6. f4 Nc6 7. Nxc6 bxc6 8. e5 dxe5 9. Qxd8+ Kxd8 10. fxe5 Nd5 11. Nxd5 cxd5 12. Bd2 Bg7 13. Ba5+ Ke8 14. Bb5+ Bd7 15. Bxd7+ Kxd7 16. O-O-O Ke6 17. Bc3 Rhc8 18. Rd3 Rc4 19. Rhd1 Rd8 20. Bd4 Bxe5 21. Re1 f6 22. b3 Rc7 23. Rde3 Rdc8 24. Bxe5 Rxc2+ 25. Kb1 fxe5 26. Rxe5+ Kf6 27. g4 Rc1+ 28. Rxc1 Rxc1+ 29. Kxc1 Kxe5 30. a4 a5 31. Kd2 Kd4 32. h3 Kc5 33. Kc3 e5 34. h4 d4+ 35. Kb2 Kb4 36. Kc2 e4 37. h5 gxh5 38. gxh5 h6 0-1

[Event "CYCC U14"]
[Site "Quebec CAN"]
[Date "2008.07.16"]
[Round "6"]
[White "Xiong, Jerry"]
[Black "Calugar, Arthur"]
[Result "0-1"]
[WhiteElo "2205"]
[BlackElo "2150"]
[PlyCount "168"]
[GameId "2160767910354210"]
[EventDate "2008.07.14"]
[EventType "swiss"]
[EventRounds "7"]
[EventCountry "CAN"]
[SourceTitle "EXT 2011"]
[Source "ChessBase"]
[SourceDate "2011.11.26"]
[SourceVersion "1"]
[SourceVersionDate "2011.11.26"]
[SourceQuality "1"]

1. e4 c5 2. Nf3 Nc6 3. d4 cxd4 4. Nxd4 Nf6 5. Nc3 d6 6. Bg5 e6 7. Be2 Be7 8. O-O O-O 9. Bf3 Ne5 10. Qd2 h6 11. Bxf6 Bxf6 12. Be2 a6 13. Rad1 Qc7 14. f4 Nc4 15. Bxc4 Qxc4 16. Nde2 Rd8 17. Qd3 Qc5+ 18. Kh1 b5 19. a3 Bb7 20. f5 Qc4 21. fxe6 fxe6 22. Qg3 Kh7 23. Qg4 Rf8 24. Rf3 d5 25. b3 Qc5 26. Qxe6 Bxc3 27. Rxc3 Qf2 28. Ng3 Rf6 29. Qe5 Raf8 30. h3 dxe4 31. Nxe4 Rf5 32. Nxf2 Rxe5 33. Rd2 Rf7 34. Nd3 Re3 35. Kh2 Be4 36. a4 bxa4 37. bxa4 Rf5 38. Rc5 Bxd3 39. Rxd3 Rxh3+ 40. Kxh3 Rxc5 41. Rd4 h5 42. Rb4 g6 43. Kg3 Kh6 44. Rb6 Ra5 45. Rb4 Kg5 46. Kh3 Kf5 47. g4+ hxg4+ 48. Rxg4 Rc5 49. Rb4 g5 50. c4 Ke4 51. Rb6 Ra5 52. c5 Kd5 53. c6 Kd6 54. Kg3 Kc7 55. Rb4 Kxc6 56. Rg4 Rf5 57. Re4 Kb6 58. Kg4 Rd5 59. Rb4+ Kc5 60. Rb8 Re5 61. Rb1 Kc4 62. Rb8 Kc3 63. Rb7 Ra5 64. Rb8 Kc4 65. Rb7 Rd5 66. Rb8 Kc5 67. Rb1 Kc6 68. Rb2 Ra5 69. Rb1 Rxa4+ 70. Kxg5 Re4 71. Kf5 Re2 72. Rb4 Kc5 73. Rb8 a5 74. Rc8+ Kb4 75. Rb8+ Ka3 76. Kf4 a4 77. Kf3 Re7 78. Rb6 Ka2 79. Rb8 a3 80. Rb6 Ka1 81. Rb8 a2 82. Rb6 Re1 83. Rb8 Rb1 84. Ra8 Rb3+ 0-1

[Event "CYCC U14"]
[Site "Quebec CAN"]
[Date "2008.07.16"]
[Round "6"]
[White "Zhang, David"]
[Black "Keith-Jacques, Liam"]
[Result "1/2-1/2"]
[WhiteElo "1811"]
[BlackElo "2040"]
[PlyCount "142"]
[GameId "2160767910354211"]
[EventDate "2008.07.14"]
[EventType "swiss"]
[EventRounds "7"]
[EventCountry "CAN"]
[SourceTitle "EXT 2011"]
[Source "ChessBase"]
[SourceDate "2011.11.26"]
[SourceVersion "1"]
[SourceVersionDate "2011.11.26"]
[SourceQuality "1"]

1. e4 c5 2. Nf3 d6 3. d4 cxd4 4. Nxd4 Nf6 5. Nc3 a6 6. Bc4 e6 7. Bb3 b5 8. f3 Be7 9. Be3 Qc7 10. O-O O-O 11. Qd2 Nc6 12. Rad1 Bb7 13. Kh1 Rfe8 14. Rfe1 Ne5 15. Qe2 Rac8 16. Nxe6 fxe6 17. Bxe6+ Kh8 18. Bxc8 Rxc8 19. Rc1 Nc4 20. Nd1 d5 21. exd5 Nxd5 22. Bf2 Qf4 23. Nc3 Bd6 24. Bg3 Nxc3 25. bxc3 Qf6 26. Bxd6 Nxd6 27. Qe6 Rf8 28. Qxf6 Rxf6 29. Red1 Kg8 30. Kg1 Kf7 31. Rd4 Re6 32. Rb1 Nc4 33. Rxc4 bxc4 34. Rxb7+ Kf6 35. Rc7 Re1+ 36. Kf2 Rc1 37. Rc6+ Kf7 38. Kg3 Rxc2 39. Rxc4 Rxa2 40. Rc6 a5 41. Ra6 a4 42. c4 a3 43. c5 Rc2 44. Rxa3 Rxc5 45. Ra4 Rc3 46. Rf4+ Kg6 47. Rb4 Ra3 48. Re4 Rc3 49. Kf2 Rc2+ 50. Re2 Rc4 51. g3 Rd4 52. h4 Ra4 53. Rb2 Rc4 54. Rb6+ Kf7 55. Rb5 Rc2+ 56. Ke3 Rc3+ 57. Ke4 Rc1 58. Rd5 Ke6 59. Re5+ Kf6 60. Kf4 Rc3 61. Re4 Rc1 62. g4 Rc3 63. Ra4 Rc6 64. g5+ Kg6 65. Kg4 Rc7 66. Rf4 h5+ 67. Kg3 Rc6 68. Rf8 Ra6 69. f4 Ra3+ 70. Kf2 Ra2+ 71. Ke3 Ra3+ 1/2-1/2

[Event "CYCC U14"]
[Site "Quebec CAN"]
[Date "2008.07.16"]
[Round "7"]
[White "Calugar, Arthur"]
[Black "Sapozhnikov, Roman"]
[Result "1-0"]
[WhiteElo "2150"]
[BlackElo "2180"]
[PlyCount "151"]
[GameId "2160767910354212"]
[EventDate "2008.07.14"]
[EventType "swiss"]
[EventRounds "7"]
[EventCountry "CAN"]
[SourceTitle "EXT 2011"]
[Source "ChessBase"]
[SourceDate "2011.11.26"]
[SourceVersion "1"]
[SourceVersionDate "2011.11.26"]
[SourceQuality "1"]

1. b3 e5 2. Bb2 Nc6 3. e3 d6 4. Ne2 g6 5. d4 Bg7 6. d5 Nce7 7. c4 f5 8. Nbc3 Nf6 9. g3 O-O 10. Bg2 g5 11. Qd2 f4 12. exf4 gxf4 13. gxf4 exf4 14. Nxf4 Bh6 15. Bf3 Ng6 16. Rg1 Nd7 17. Nce2 Nde5 18. Qe3 Bxf4 19. Nxf4 Rxf4 20. Be4 Qh4 21. Bxg6 hxg6 22. O-O-O Bf5 23. Bxe5 dxe5 24. Rg3 Re4 25. Qd2 Qf4 26. Kb2 Qxd2+ 27. Rxd2 Kf7 28. Rc3 Rd4 29. Re2 Kf6 30. Rce3 Re8 31. Kc3 Rh4 32. f3 a5 33. b4 axb4+ 34. Kxb4 c6 35. dxc6 bxc6 36. Kc5 Re6 37. a4 Rd4 38. Rc3 Red6 39. a5 Bc8 40. Kb6 c5+ 41. Kxc5 Bb7 42. Ra2 Ba6 43. Rb2 Ke6 44. Rb6 Kd7 45. Rxd6+ Rxd6 46. Re3 Re6 47. Rd3+ Kc7 48. Re3 Bb7 49. Kb4 Kc6 50. Re4 Kd6 51. c5+ Ke7 52. Re3 Kf6 53. Rd3 Kf5 54. h4 Ba8 55. Kb5 Bc6+ 56. Kb6 Bd5+ 57. Ka7 Bc6 58. a6 Kf6 59. Ra3 Re8 60. Rd3 Re6 61. Ra3 Kf5 62. Kb8 Kf4 63. a7 Re7 64. Ra6 Re8+ 65. Kc7 Ba8 66. Rf6+ Ke3 67. c6 Kd4 68. Kb6 Kd5 69. Rxg6 Rc8 70. c7 Re8 71. h5 e4 72. fxe4+ Ke5 73. Rc6 Rc8 74. h6 Kxe4 75. h7 Kd5 76. h8=Q 1-0

[Event "CYCC U14"]
[Site "Quebec CAN"]
[Date "2008.07.16"]
[Round "7"]
[White "Dawson, Michael"]
[Black "Wang, Jerry ZS"]
[Result "0-1"]
[WhiteElo "1596"]
[BlackElo "1874"]
[PlyCount "136"]
[GameId "2160767910354213"]
[EventDate "2008.07.14"]
[EventType "swiss"]
[EventRounds "7"]
[EventCountry "CAN"]
[SourceTitle "EXT 2011"]
[Source "ChessBase"]
[SourceDate "2011.11.26"]
[SourceVersion "1"]
[SourceVersionDate "2011.11.26"]
[SourceQuality "1"]

1. d4 Nf6 2. c4 g6 3. Nc3 Bg7 4. e4 d6 5. Nf3 O-O 6. Be3 Ng4 7. Bd2 e5 8. d5 a5 9. h3 Nh6 10. Qc1 f5 11. Bxh6 Bxh6 12. Qxh6 f4 13. Ng5 Qe7 14. Qh4 Rf7 15. Nf3 Qf8 16. Nd2 Na6 17. f3 Nb4 18. O-O-O c6 19. a3 Na6 20. Na4 b5 21. cxb5 cxb5 22. Bxb5 Rb8 23. Bd3 Qe8 24. Nc3 Nc5 25. Nc4 Qd7 26. Nxa5 Nb3+ 27. Nxb3 Rxb3 28. Qf2 Qb7 29. Qc2 Rc7 30. Ba6 Qb6 31. Bxc8 Rxc8 32. Rhe1 Qb8 33. Rd3 Rc7 34. Kb1 Rxa3 35. Kc1 Ra1+ 36. Kd2 Ra2 37. Rb1 Qb6 38. Ke2 Kg7 39. Qd2 Ra8 40. Qe1 Rac8 41. Kf1 h5 42. Rdd1 g5 43. Rdc1 Kg6 44. Qf2 Qb7 45. Ne2 g4 46. Rxc7 Rxc7 47. Rc1 Rg7 48. Rc6 Qxb2 49. Rxd6+ Kh7 50. Re6 Kh8 51. Nc1 Qb5+ 52. Qe2 Qb4 53. Qe1 Qb5+ 54. Ne2 gxf3 55. gxf3 Rg3 56. Rh6+ Kg7 57. Rxh5 Rxf3+ 58. Kg2 Re3 59. Rg5+ Kf6 60. Rf5+ Kg6 61. Qg1 Qxe2+ 62. Kh1+ Rg3 63. Qb6+ Kh7 64. Rh5+ Qxh5 65. Qc7+ Rg7 66. Qc2 Qf3+ 67. Kh2 Qg3+ 68. Kh1 Qg1# 0-1

[Event "CYCC U14"]
[Site "Quebec CAN"]
[Date "2008.07.16"]
[Round "7"]
[White "Gladstone, Simon"]
[Black "Xiong, Jerry"]
[Result "0-1"]
[WhiteElo "1733"]
[BlackElo "2205"]
[PlyCount "78"]
[GameId "2160767910354214"]
[EventDate "2008.07.14"]
[EventType "swiss"]
[EventRounds "7"]
[EventCountry "CAN"]
[SourceTitle "EXT 2011"]
[Source "ChessBase"]
[SourceDate "2011.11.26"]
[SourceVersion "1"]
[SourceVersionDate "2011.11.26"]
[SourceQuality "1"]

1. e4 c5 2. Nf3 d6 3. d4 cxd4 4. Qxd4 Nc6 5. Bb5 e5 6. Qe3 Be7 7. Nc3 Nf6 8. O-O O-O 9. Bxc6 bxc6 10. b3 Ng4 11. Qd3 Qb6 12. Na4 Qc7 13. c4 f5 14. h3 Nf6 15. Nc3 fxe4 16. Nxe4 Nxe4 17. Qxe4 Bf5 18. Qe3 Bf6 19. Bb2 Rae8 20. Rad1 Re6 21. Rd2 Qf7 22. g4 Qg6 23. Nh2 Bg5 24. Qg3 Bxd2 25. gxf5 Rxf5 26. Qxg6 Rxg6+ 27. Kh1 Rh5 28. Rg1 Rxg1+ 29. Kxg1 Rxh3 30. Kg2 Rd3 31. Nf3 g5 32. Nxd2 Rxd2 33. Bc1 Rxa2 34. Bxg5 Kf7 35. Kf3 Rb2 36. Ke4 Rxb3 37. f4 Rg3 38. Kf5 Rxg5+ 39. fxg5 a5 0-1

[Event "CYCC U14"]
[Site "Quebec CAN"]
[Date "2008.07.16"]
[Round "7"]
[White "Kieu, Marc-Andre"]
[Black "Prysiazny, Michael"]
[Result "1/2-1/2"]
[WhiteElo "1524"]
[BlackElo "1719"]
[PlyCount "87"]
[GameId "2160767910354215"]
[EventDate "2008.07.14"]
[EventType "swiss"]
[EventRounds "7"]
[EventCountry "CAN"]
[SourceTitle "EXT 2011"]
[Source "ChessBase"]
[SourceDate "2011.11.26"]
[SourceVersion "1"]
[SourceVersionDate "2011.11.26"]
[SourceQuality "1"]

1. e4 e5 2. Nf3 Nc6 3. d4 exd4 4. Bc4 Nf6 5. e5 d5 6. Bb5 Ne4 7. Nxd4 Bc5 8. Bxc6+ bxc6 9. O-O O-O 10. Be3 Qe8 11. f3 Nd6 12. Bf4 Nf5 13. c3 g5 14. Bxg5 Qxe5 15. Re1 Bxd4+ 16. cxd4 Qxd4+ 17. Qxd4 Nxd4 18. Na3 Bf5 19. Bf6 Nb5 20. Nxb5 cxb5 21. Re5 Bg6 22. Rxd5 Rab8 23. Rc1 Rb6 24. Bd4 Rd6 25. Rxd6 cxd6 26. Bxa7 Bd3 27. Rd1 Ra8 28. Rxd3 Rxa7 29. a3 Rc7 30. Rb3 Rc5 31. Kf2 Kg7 32. Rc3 Rd5 33. Ke2 Kf6 34. Rd3 Rg5 35. g3 Ke6 36. h4 Rxg3 37. Rb3 Rh3 38. Rxb5 Rxh4 39. b4 Rh2+ 40. Ke3 Ra2 41. Ra5 h5 42. Kf4 h4 43. Kg4 Rf2 44. Rh5 1/2-1/2

[Event "CYCC U14"]
[Site "Quebec CAN"]
[Date "2008.07.16"]
[Round "7"]
[White "Marinkovic, Mate"]
[Black "Zhang, David"]
[Result "1-0"]
[WhiteElo "1972"]
[BlackElo "1811"]
[PlyCount "77"]
[GameId "2160767910354217"]
[EventDate "2008.07.14"]
[EventType "swiss"]
[EventRounds "7"]
[EventCountry "CAN"]
[SourceTitle "EXT 2011"]
[Source "ChessBase"]
[SourceDate "2011.11.26"]
[SourceVersion "1"]
[SourceVersionDate "2011.11.26"]
[SourceQuality "1"]

1. e4 e5 2. Nc3 Nc6 3. Bc4 Nf6 4. d3 Bb4 5. Nge2 O-O 6. O-O d6 7. f4 Bc5+ 8. Kh1 Ng4 9. Qe1 Nb4 10. Bb3 Be6 11. Nd5 Nxd5 12. exd5 Bd7 13. h3 Qf6 14. fxe5 Nf2+ 15. Kh2 Qh4 16. d4 Ng4+ 17. Kg1 Qxe1 18. Rxe1 Nxe5 19. dxc5 Rfe8 20. Bf4 dxc5 21. Bxe5 Rxe5 22. Ng3 Rg5 23. Kf2 b5 24. c4 bxc4 25. Bxc4 Rb8 26. b3 Kf8 27. a4 g6 28. Re2 Rb4 29. Ne4 Rf5+ 30. Kg1 c6 31. Nxc5 cxd5 32. Nxd7+ Kg7 33. Bd3 Rg5 34. Bc2 d4 35. Rd1 f6 36. Re7+ Kh6 37. Nxf6 Rc5 38. Rxh7+ Kg5 39. Ne4+ 1-0

[Event "CYCC U14"]
[Site "Quebec CAN"]
[Date "2008.07.16"]
[Round "7"]
[White "Nadeau, Emmanuel"]
[Black "Cheng, Jack"]
[Result "1/2-1/2"]
[WhiteElo "1757"]
[BlackElo "2031"]
[PlyCount "106"]
[GameId "2160767910354218"]
[EventDate "2008.07.14"]
[EventType "swiss"]
[EventRounds "7"]
[EventCountry "CAN"]
[SourceTitle "EXT 2011"]
[Source "ChessBase"]
[SourceDate "2011.11.26"]
[SourceVersion "1"]
[SourceVersionDate "2011.11.26"]
[SourceQuality "1"]

1. e4 e5 2. Nf3 Nc6 3. Bc4 Nf6 4. d4 exd4 5. e5 d5 6. Bb5 Ne4 7. Nxd4 Bd7 8. Bxc6 bxc6 9. O-O Bc5 10. Be3 Bb6 11. f3 Ng5 12. f4 Ne4 13. Nd2 Nxd2 14. Qxd2 c5 15. Nf3 Bf5 16. Rad1 c6 17. Kh1 O-O 18. Bf2 Re8 19. Qc3 d4 20. Qd2 Qd5 21. c3 Bg4 22. Bg1 Rad8 23. h3 Bxf3 24. Rxf3 Qxa2 25. cxd4 cxd4 26. Bh2 Qd5 27. Re1 Bc7 28. Qd3 c5 29. b3 Rb8 30. Ra1 a5 31. Bg3 Ra8 32. Bf2 Reb8 33. Kh2 Rb7 34. Ra3 Rab8 35. Be1 Rb5 36. Qc2 h6 37. Qc4 Qe4 38. Bd2 Qc6 39. Rd3 Qe6 40. Qc2 g6 41. Rf3 Kg7 42. Kh1 Qf5 43. Qc4 Qb1+ 44. Kh2 Qb2 45. Bc1 Qb1 46. Bd2 Qd1 47. Rd3 Qb1 48. Rf3 Qf5 49. Be1 Qe6 50. Qc2 Qd5 51. Bd2 Qe6 52. Qd3 Qf5 53. Qc4 Qe6 1/2-1/2

[Event "CYCC U14"]
[Site "Quebec CAN"]
[Date "2008.07.16"]
[Round "7"]
[White "Seguin, Ryan"]
[Black "Parker, Dylan"]
[Result "0-1"]
[WhiteElo "1386"]
[BlackElo "1512"]
[PlyCount "124"]
[GameId "2160767910354219"]
[EventDate "2008.07.14"]
[EventType "swiss"]
[EventRounds "7"]
[EventCountry "CAN"]
[SourceTitle "EXT 2011"]
[Source "ChessBase"]
[SourceDate "2011.11.26"]
[SourceVersion "1"]
[SourceVersionDate "2011.11.26"]
[SourceQuality "1"]

1. e4 e5 2. Nf3 Nc6 3. Bc4 Bc5 4. c3 Qe7 5. d3 d6 6. Be3 Bxe3 7. fxe3 Bg4 8. Nbd2 Nf6 9. O-O h6 10. d4 O-O-O 11. d5 Nb8 12. Qa4 a6 13. Bd3 Nfd7 14. b4 Nb6 15. Qa5 Bd7 16. Rab1 g5 17. b5 axb5 18. Bxb5 Bxb5 19. Qxb5 Qd7 20. Qxd7+ N8xd7 21. Rb4 Nc5 22. Ne1 Rhf8 23. g4 Kd7 24. Rf6 Ra8 25. Rb2 Ra3 26. Rxh6 Rxc3 27. Rh3 Rc1 28. Kf2 Rxe1 29. Kxe1 Nd3+ 30. Ke2 Nxb2 31. Rh7 Kd8 32. Rg7 f6 33. Rh7 N2c4 34. Nb3 Nd7 35. Kd3 Ncb6 36. Kc3 Kc8 37. Kb4 Kb8 38. a4 Nc5 39. a5 Nbd7 40. Nd2 b6 41. axb6 Nxb6 42. Kb5 Kb7 43. h3 Nba4 44. Kb4 Nb2 45. Kc3 Nd1+ 46. Kc4 Nxe3+ 47. Kb5 Nd1 48. Rg7 Nc3+ 49. Ka5 N3xe4 50. Nc4 Ra8+ 51. Kb5 Nc3+ 52. Kb4 Nxd5+ 53. Kb5 Ne4 54. Na5+ Rxa5+ 55. Kxa5 Kc6 56. Rg8 Nf2 57. Rh8 e4 58. Ka4 Kc5 59. Kb3 e3 60. Kc2 Kd4 61. Re8 Nb4+ 62. Kc1 Kd3 0-1

[Event "CYCC U14"]
[Site "Quebec CAN"]
[Date "2008.07.17"]
[Round "7"]
[White "Cote-Lalumiere, Tristan"]
[Black "Wang, Jesse BJ"]
[Result "0-1"]
[WhiteElo "1724"]
[BlackElo "1960"]
[PlyCount "112"]
[GameId "2160767910354220"]
[EventDate "2008.07.14"]
[EventType "swiss"]
[EventRounds "7"]
[EventCountry "CAN"]

1. e4 c5 2. Nf3 d6 3. d4 cxd4 4. Nxd4 Nf6 5. Nc3 a6 6. Be2 e6 7. Be3 Qc7 8. O-O b5 9. a3 Bb7 10. f3 Nbd7 11. Kh1 Be7 12. Qd2 O-O 13. Rad1 d5 14. exd5 Nxd5 15. Nxd5 Bxd5 16. Bf4 Qb7 17. Bg3 Bf6 18. c3 Nb6 19. Rfe1 Rfd8 20. Qe3 h6 21. Be5 Bh4 22. Bg3 Be7 23. Bf2 Bg5 24. Qe5 Nd7 25. Qg3 Bf6 26. Be3 Be5 27. f4 Bf6 28. Bf3 Nb6 29. Be2 Be4 30. Qf2 Nd5 31. Bd3 Bxd3 32. Rxd3 Rd7 33. Red1 Rad8 34. Qe2 Qc7 35. g3 e5 36. fxe5 Qxe5 37. Kg1 Re8 38. Nc2 Bg5 39. Re1 Rde7 40. Qf3 Nxe3 41. Nxe3 Bxe3+ 42. Rdxe3 Qxe3+ 43. Rxe3 Rxe3 44. Qc6 R3e6 45. Qd7 R6e7 46. Qc6 Rd8 47. Kg2 Re2+ 48. Kh3 g6 49. Qxa6 h5 50. Qxb5 Rdd2 51. Kh4 Rxh2+ 52. Kg5 Kh7 53. Kf6 Rde2 54. Qb7 Rhf2+ 55. Kg5 Rf5+ 56. Kh4 Rh2# 0-1

[Event "CYCC U14"]
[Site "Quebec CAN"]
[Date "2008.07.17"]
[Round "7"]
[White "Li, Ruokai (David)"]
[Black "Keith-Jacques, Liam"]
[Result "1/2-1/2"]
[WhiteElo "1787"]
[BlackElo "2040"]
[PlyCount "110"]
[GameId "2160767910354221"]
[EventDate "2008.07.14"]
[EventType "swiss"]
[EventRounds "7"]
[EventCountry "CAN"]

1. e4 c5 2. Nf3 d6 3. d4 cxd4 4. Nxd4 Nf6 5. Nc3 a6 6. Bg5 e6 7. f4 Nbd7 8. Qf3 Qc7 9. O-O-O b5 10. g4 Bb7 11. Bxf6 Nxf6 12. f5 e5 13. Nb3 b4 14. Nd5 Bxd5 15. exd5 Qb6 16. g5 Nd7 17. f6 gxf6 18. Bh3 Bg7 19. Rhe1 O-O-O 20. gxf6 Bh6+ 21. Kb1 Kb8 22. Qh5 Bf4 23. Qxf7 Rhf8 24. Qxh7 Nxf6 25. Qd3 Bxh2 26. Be6 Bf4 27. c3 a5 28. cxb4 axb4 29. Nd2 Bxd2 30. Qxd2 Nh5 31. Re4 Rf4 32. Rde1 Rdf8 33. R4e3 Rf2 34. Qd1 Nf4 35. Rb3 Ng2 36. a3 Nxe1 37. Rxb4 Qxb4 38. axb4 Nc2 39. Ka2 R8f3 40. Bg4 Nxb4+ 41. Kb1 Rf4 42. Be2 Rh2 43. Qa4 Rh1+ 44. Bd1 Rd4 45. Qb5+ Kc7 46. Qa5+ Kd7 47. Qa7+ Ke8 48. Qb8+ Ke7 49. Qc7+ Ke8 50. Qc8+ Kf7 51. Qd7+ Kg6 52. Qe8+ Kg7 53. Qe7+ Kg8 54. Qe8+ Kg7 55. Qe7+ Kg8 1/2-1/2

[Event "CYCC U14 w"]
[Site "Quebec CAN"]
[Date "2008.07.14"]
[Round "1"]
[White "Orlova, Yelizaveta"]
[Black "Zhang, Wenyue"]
[Result "1-0"]
[WhiteElo "1999"]
[BlackElo "1351"]
[PlyCount "107"]
[GameId "2160767910354222"]
[EventDate "2008.07.14"]
[EventType "swiss"]
[EventRounds "7"]
[EventCountry "CAN"]
[SourceTitle "EXT 2011"]
[Source "ChessBase"]
[SourceDate "2011.11.26"]
[SourceVersion "1"]
[SourceVersionDate "2011.11.26"]
[SourceQuality "1"]

1. d4 Nf6 2. Nf3 g6 3. g3 Bg7 4. Bg2 d6 5. O-O O-O 6. c4 c5 7. Nc3 cxd4 8. Nxd4 Nbd7 9. e3 Rb8 10. Qe2 e5 11. Ndb5 Qb6 12. Rd1 Ne8 13. Ne4 Nc5 14. Nexd6 Nxd6 15. Rxd6 Qa5 16. b4 Qxb4 17. Ba3 Qa4 18. Bxc5 b6 19. Ba3 a6 20. Rd2 Re8 21. Bc6 Bb7 22. Bxb7 axb5 23. Bc6 Red8 24. Bd6 Rbc8 25. Bxb5 Qa5 26. Rad1 Bf8 27. Bxe5 Rxd2 28. Qxd2 Qa8 29. Bb2 Bg7 30. Bxg7 Kxg7 31. Qd4+ Kg8 32. a4 Rf8 33. Qxb6 h5 34. c5 Rc8 35. c6 Kg7 36. c7 Qe4 37. Bd7 Rf8 38. c8=Q Rxc8 39. Bxc8 Qxa4 40. Qd4+ Qxd4 41. exd4 Kf8 42. d5 Ke8 43. d6 Kd8 44. d7 f6 45. Re1 f5 46. Re8+ Kc7 47. d8=Q+ Kc6 48. Re6+ Kc5 49. Qd6+ Kc4 50. Ba6+ Kc3 51. Qd3+ Kb4 52. Qc4+ Ka3 53. Rb6 g5 54. Qb3# 1-0

[Event "CYCC U14 w"]
[Site "Quebec CAN"]
[Date "2008.07.14"]
[Round "1"]
[White "Packo, Bianca"]
[Black "Powell, Samantha"]
[Result "0-1"]
[WhiteElo "1148"]
[BlackElo "1510"]
[PlyCount "56"]
[GameId "2160767910354223"]
[EventDate "2008.07.14"]
[EventType "swiss"]
[EventRounds "7"]
[EventCountry "CAN"]
[SourceTitle "EXT 2011"]
[Source "ChessBase"]
[SourceDate "2011.11.26"]
[SourceVersion "1"]
[SourceVersionDate "2011.11.26"]
[SourceQuality "1"]

1. Nf3 Nf6 2. Nc3 Nc6 3. e4 e5 4. h4 Bc5 5. b3 d6 6. Bc4 Nxe4 7. Nxe4 d5 8. Bd3 dxe4 9. Bxe4 Bg4 10. d3 O-O 11. Qd2 Qe7 12. Ng5 g6 13. h5 Bxh5 14. Rxh5 gxh5 15. Bxh7+ Kh8 16. Qe2 Qf6 17. f3 Bb4+ 18. Kd1 e4 19. Qxe4 Rae8 20. Nxf7+ Qxf7 21. Bb2+ Ne5 22. Bxe5+ Rxe5 23. Qxe5+ Kxh7 24. Qe4+ Qg6 25. Qxg6+ Kxg6 26. a3 Bc3 27. Rb1 Re8 28. Kc1 Re1# 0-1

[Event "CYCC U14 w"]
[Site "Quebec CAN"]
[Date "2008.07.14"]
[Round "1"]
[White "Robichaud, Andrea"]
[Black "Cheung, Tse Ning"]
[Result "0-1"]
[WhiteElo "1191"]
[BlackElo "1357"]
[PlyCount "44"]
[GameId "2160767910354224"]
[EventDate "2008.07.14"]
[EventType "swiss"]
[EventRounds "7"]
[EventCountry "CAN"]
[SourceTitle "EXT 2011"]
[Source "ChessBase"]
[SourceDate "2011.11.26"]
[SourceVersion "1"]
[SourceVersionDate "2011.11.26"]
[SourceQuality "1"]

1. e4 e5 2. Nf3 Nf6 3. d3 d6 4. Nc3 Nc6 5. Be3 Be6 6. Be2 Be7 7. O-O O-O 8. Qd2 Qd7 9. Nb5 a6 10. Nc3 h6 11. g3 Rad8 12. Rad1 d5 13. Rfe1 d4 14. Nxd4 exd4 15. Bxd4 Nxd4 16. e5 Nxe2+ 17. Rxe2 Nd5 18. Nxd5 Bxd5 19. Rde1 Qh3 20. f3 Bxf3 21. Rf2 Bc5 22. b3 Qg2# 0-1

[Event "CYCC U14 w"]
[Site "Quebec CAN"]
[Date "2008.07.14"]
[Round "2"]
[White "Packo, Bianca"]
[Black "Orlova, Yelizaveta"]
[Result "0-1"]
[WhiteElo "1148"]
[BlackElo "1999"]
[PlyCount "48"]
[GameId "2160767910354225"]
[EventDate "2008.07.14"]
[EventType "swiss"]
[EventRounds "7"]
[EventCountry "CAN"]
[SourceTitle "EXT 2011"]
[Source "ChessBase"]
[SourceDate "2011.11.26"]
[SourceVersion "1"]
[SourceVersionDate "2011.11.26"]
[SourceQuality "1"]

1. Nf3 Nf6 2. Nc3 c5 3. e4 Nc6 4. g3 g6 5. a3 Bg7 6. d3 d6 7. h4 Bg4 8. Rg1 Nd4 9. Bg2 Nd7 10. Be3 Ne5 11. Bxd4 cxd4 12. Nd5 e6 13. Qd2 Bxf3 14. Qb4 exd5 15. Qxd4 Bxg2 16. Rxg2 Nf3+ 17. Ke2 Nxd4+ 18. Kd2 Rc8 19. c3 Nb3+ 20. Kd1 Nxa1 21. exd5 Qf6 22. f4 Qf5 23. c4 Qxd3+ 24. Rd2 Qf1# 0-1